Estetické ošetrovanie zubov

Podrobná bibliografia
Hlavný autor: Drienovská, Adriana (Autor)
Médium: Článok
Jazyk:slovenčina
Predmet:

MARC

LEADER 00000nab a2200000 a 4500
001 vtls000483383
003 SK-MaSNL
005 20260304080000.0
008 250424c1992 xo 0 slo
015 |a SNBRB19rr/mm-uuuuu 
035 |a CL0483518 
035 |a urn:nbn:sk:snk-ab6xgu 
035 |a (uuid)878060a8-29d4-4e5f-b9c4-17cf5aa4ef95 
035 |a (urnnbn)urn:nbn:sk:snk:ar-a0655a 
035 |a (sysno)vtls000483383 
040 |a SNKBUCL  |b slo  |c SNKBUCL  |e AACR2 
041 0 |a slo 
044 |a xo  |c SK 
080 |a 616.314-089:061.3  |2 1981 
100 1 |a Drienovská, Adriana  |4 aut  |9 1366902 
245 1 0 |a Estetické ošetrovanie zubov  |c Adriana Drienovská 
650 0 7 |a zuby  |2 snkbucl  |9 50770 
655 7 |a články z novín a časopisov  |2 snkbucl  |9 267496 
773 0 |t Stomatológ  |g Roč. 3, č. 4-5 (1992), s. 40-41 
850 |a Slovenská národná knižnica 
852 |a Slovenská národná knižnica 
954 |a odborná, vedecká literatúra pôvodná (slovenská)  |2 lita 
958 |a article27 
958 |a RK 
958 |a MI 
958 |a DE 
958 |a NX 
958 |a OND 
958 |a EUIPO 
992 |a RBX 
999 |c 2784213  |d 2786143